| 000 | 01004nam2a2200241 4500 | ||
|---|---|---|---|
| 001 | RU\NLR\BIBL_A\012338248 | ||
| 005 | 20250624020216.0 | ||
| 035 | _a(NLR Aleph) 012338248 | ||
| 090 |
_a11506898 _c11506898 |
||
| 100 | _a20200915d1937 |||y0rusy50 ca | ||
| 101 | 0 | _aady | |
| 102 | _aRU | ||
| 105 | _ay j 000 y | ||
| 200 | 1 |
_aСинтаксис _eия 6-рэ ыкIи 7 рэ классхэм |
|
| 205 | _aя 3-рэ тедз. | ||
| 210 |
_d1937 _aБ. м. |
||
| 215 | _a59,[2] с. | ||
| 461 | 0 |
_1001RU\NLR\BIBL_A\012338246 _12001#$aГрамматикэр$fIашъхьэмафэ Д.$vЕдзыгъу 2 _1700#1$aIашъхьэмаф$bД.$f1897-1946$gДауд$4070 _911506885 _aIашъхьэмаф, Д. (1897-1946) _cМыекъуапэ _d1937 _fIашъхьэмафэ Д. _nАдыгэ хэкум итхылъ тедзапI _tГрамматикэр _vЕдзыгъу 2 |
|
| 852 |
_aNLR _bОНЛ _jАдыг./3-199 |
||
| 852 |
_aNLR _bОНЛ _jАдыг./3-199 |
||
| 942 | _cBOOK | ||
| 980 | _aNB | ||